000 00599nam a2200229Ia 4500
003 OSt
005 20221007063548.0
006 a|||||r|||| 00| 0
007 ta
008 221006b |||||||| |||| 00| 0 eng d
024 _a14,251
037 _cTextual
040 _aFLL
_cFLL
_beng
041 _2eng
_aeng
082 _aX:517:Z2, F2
100 _aSen Au.
_9629561
245 0 _aLaw of monopolies in British India
260 _aCalcutta
_bEastern book house India
_c1922
300 _a468p
_ccm.
942 _hX:517:Z2, F2
_cTEXL
_2CC
999 _c1131543
_d1131543